| 000 | 00779nam a2200229 i 4500 | ||
|---|---|---|---|
| 001 | 186272 | ||
| 003 | SpMaBN | ||
| 005 | 20250821070531.0 | ||
| 008 | 160930s2001 sp |||| | spa d | ||
| 020 | _a84-95408-08-2 | ||
| 080 | _a821.134.2-14"19" | ||
| 100 | 0 |
_aVázquez Montalbán, Manuel, _d1939- _9113463 |
|
| 245 | 1 | 0 |
_aArs amandi _b: poesía erótico amorosa (1963-2000) / _cManuel Vázquez Montalbán. |
| 260 |
_aMadrid : _bBartleby, _c[2001] |
||
| 300 |
_a87 p. ; _c21 cm. |
||
| 490 | 1 | _aBartleby poesía | |
| 830 | 0 |
_aBartleby poesía _9183408 |
|
| 852 |
_aES-MaACL _jA-13880 _9193327 _bR.151182 _cDEPO1 _dOlim: N-6880 _hDonación: Manuel Spinola |
||
| 903 |
_aSpínola, Manuel, _d1948- _ednr _9161019 |
||
| 942 |
_2udc _cMONOGRAFIA |
||
| 999 |
_c186272 _d186272 |
||